Statistics for Pictures of young historical figures

Click here to take the quiz!

General Stats

  • This quiz has been taken 62 times
  • The average score is 11 of 20

Answer Stats

Answer% Correct
Adolf Hitler
100%
John F. Kennedy
100%
Martin Luther King
98%
Abraham Lincoln
94%
Vladimir Putin
89%
Margaret Thatcher
79%
Albert Einstein
77%
Mahatma Gandhi
72%
Muammar Gaddafi
68%
Joseph Stalin
57%
Joe Biden
40%
Mao Zedong
38%
Charles Darwin
30%
Winston Churchill
23%
Hideki Tojo
19%
Benito Mussolini
17%
Thomas Edison
17%
Vladimir Lenin
17%
Fidel Castro
11%
Josip Broz Tito
6%

Score Distribution

Percentile by Number Answered

Percent of People with Each Score

Your Score History

You have not taken this quiz